000 00805nam a2200229Ii 4500
003 JO-AjNU
008 230605s9999||||xx |||||||||||||| ||und||
017 _a38723
020 _a978-9957-16-124-8
040 _aJO-AjNU
_bara
_erda
_cJO-AjNU
041 _aara
050 1 4 _aKMM106.5.F3962 2022
100 3 _aسامي، فوزي محمد,
_eauthor
_962829
245 0 0 _aالشركات التجارية الاحكام العامة والخاصة: دراسة مقارنة
250 _aط10
264 3 1 _aعمان: دار الثقافة للنشر والتوزيع، 2022
300 _a584ص
336 _atext
_btxt
_2rdacontent
337 _aunmediated
_bn
_2rdamedia
338 _avolume
_bnc
_2rdacarrier
650 4 _aقانون الشركات-الشركات التجارية-الشركة
_962830
999 _aA28469
_c32037
_d32037